| 000 | 00828cab a2200241 4500 | ||
|---|---|---|---|
| 001 | WB2839-01 | ||
| 008 | 090401t1992 xxu||||| |||| 00| 0 eng d | ||
| 035 | _a(Sirsi) u32504 | ||
| 041 | _aeng | ||
| 245 | _aSale of PSA projects to Tarmac construction | ||
| 260 | _c1992 | ||
| 350 | _a0 | ||
| 490 |
_aDOE Press Release _v(128/16) 1 October 1992 |
||
| 490 |
_aConstruction News _v(6285) 8 October 1992, 2(3) |
||
| 520 | _aPSA Projects has been sold to Tarmac Construction Ltd on condition that sufficient staff agree to transfer with the business to the private sector. Completion is expected at end of November. | ||
| 650 | _aPRIVATISATION | ||
| 650 | _aPROPERTY SERVICES AGENCY | ||
| 650 | _aPSA PROJECTS | ||
| 650 | _aTARMAC CONSTRUCTION LTD | ||
| 690 | _aBUILT ENVIRONMENT | ||
| 942 | _n0 | ||
| 948 | _c04/03/1997 | ||
| 999 |
_c21760 _d21760 |
||